Reaching out without dumbing down : (Registro nro. 60421)

Detalles MARC
000 -LEADER
campo de control de longitud fija 02022cam a22004934i 4500
003 - IDENTIFICADOR DE NÚMERO DE CONTROL
campo de control PE-LiUPU
005 - FECHA Y HORA DE LA ÚLTIMA TRANSACCIÓN
campo de control 20250731173540.0
008 - DATOS DE LONGITUD FIJA--INFORMACIÓN GENERAL
campo de control de longitud fija 150623s r 000 0 d
020 ## - NÚMERO INTERNACIONAL ESTÁNDAR DEL LIBRO
Número Internacional Estándar del Libro 0802841023
035 ## - NÚMERO DE CONTROL DEL SISTEMA
Número de control de sistema (Sirsi) i9780802841025
040 ## - FUENTE DE CATALOGACIÓN
Centro catalogador/agencia de origen PE-LiUPU
Lengua de catalogación spa
Centro/agencia transcriptor PE-LiUPU
Normas de descripción rda
049 ## - FONDOS LOCALES (OCLC)
Biblioteca depositaria PRUA
082 04 - NÚMERO DE LA CLASIFICACIÓN DECIMAL DEWEY
Número de clasificación 264.001
Cutter D33
Número de edición 21
100 1# - ENTRADA PRINCIPAL--NOMBRE DE PERSONA
Nombre de persona Marva, Dawn J.,
Término indicativo de función/relación autor.
245 10 - MENCIÓN DEL TÍTULO
Título Reaching out without dumbing down :
Resto del título a theology of worship for this urgent time /
Mención de responsabilidad, etc. Marva J. Dawn.
264 #1 - PRODUCCIÓN, PUBLICACIÓN, DISTRIBUCIÓN, FABRICACIÓN Y COPYRIGHT
Producción, publicación, distribución, fabricación y copyright Grand Rapids, Michigan :
Nombre del de productor, editor, distribuidor, fabricante William B. Eerdmans Publishing,
Fecha de producción, publicación, distribución, fabricación o copyright 1995.
300 ## - DESCRIPCIÓN FÍSICA
Extensión 316 páginas ;
Dimensiones 23 centímetros
336 ## - TIPO DE CONTENIDO
Término de tipo de contenido text
Fuente rdacontent
337 ## - TIPO DE MEDIO
Nombre/término del tipo de medio unmediated
Fuente rdamedia
338 ## - TIPO DE SOPORTE
Nombre/término del tipo de soporte volume
Fuente rdacarrier
504 ## - NOTA DE BIBLIOGRAFÍA, ETC.
Nota de bibliografía, etc. Incluye bibliografía.
505 0# - NOTA DE CONTENIDO CON FORMATO
Nota de contenido con formato Our culture and the church´s worship. -The culture surrounding our worship. -The culture of worship. -The culture in our worship. -Worship for the sake of the culture.
526 ## - NOTA DE INFORMACIÓN SOBRE EL PROGRAMA DE ESTUDIO
Nombre del programa Segunda Especialidad En Profecías Bíblicas
526 ## - NOTA DE INFORMACIÓN SOBRE EL PROGRAMA DE ESTUDIO
Nombre del programa Segunda Especialidad En Nuevo Testamento
526 ## - NOTA DE INFORMACIÓN SOBRE EL PROGRAMA DE ESTUDIO
Nombre del programa Segunda Especialidad En Antiguo Testamento
526 ## - NOTA DE INFORMACIÓN SOBRE EL PROGRAMA DE ESTUDIO
Nombre del programa Segunda Especialidad En Estudios Adventistas
526 ## - NOTA DE INFORMACIÓN SOBRE EL PROGRAMA DE ESTUDIO
Nombre del programa Doctorado en teología
526 ## - NOTA DE INFORMACIÓN SOBRE EL PROGRAMA DE ESTUDIO
Nombre del programa Maestría en teología histórica
526 ## - NOTA DE INFORMACIÓN SOBRE EL PROGRAMA DE ESTUDIO
Nombre del programa Maestría en teología bíblica
526 ## - NOTA DE INFORMACIÓN SOBRE EL PROGRAMA DE ESTUDIO
Nombre del programa Maestría en teología
526 ## - NOTA DE INFORMACIÓN SOBRE EL PROGRAMA DE ESTUDIO
Nombre del programa Maestría en misionología
526 ## - NOTA DE INFORMACIÓN SOBRE EL PROGRAMA DE ESTUDIO
Nombre del programa Maestría en liderazgo eclesiástico
526 ## - NOTA DE INFORMACIÓN SOBRE EL PROGRAMA DE ESTUDIO
Nombre del programa Teología
596 ## -
-- 1
650 04 - PUNTO DE ACCESO ADICIONAL DE MATERIA--TÉRMINO DE MATERIA
Término de materia o nombre geográfico como elemento de entrada Cristianismo y cultura.
9 (RLIN) 1358
650 04 - PUNTO DE ACCESO ADICIONAL DE MATERIA--TÉRMINO DE MATERIA
Término de materia o nombre geográfico como elemento de entrada Culto y adoración públicos
Subdivisión general TEOLOGIA.
942 ## - ELEMENTOS DE ENTRADA SECUNDARIOS (KOHA)
Fuente del sistema de clasificación o colocación Clasificación Decimal Dewey
Tipo de ítem Koha
949 ## - PROCESAMIENTO DE INFORMACIÓN LOCAL (OCLC)
a 264 D33
w DEWEY
c 1
i 42585
l CCODEBUL1
m BUL
r 0
s Y
t BOOK
u 2015-6-16
x TEOLOGIA
z UNKNOWN
0 COMPRA
o .STAFF. Colección General
949 ## - PROCESAMIENTO DE INFORMACIÓN LOCAL (OCLC)
a 264.001 D33
w DEWEY
c 1
i 51460
l CCODEBUL1
m BUL
p 12.00
r 0
s Y
t BOOK
u 2015-6-24
x TEOLOGIA
-- P35
0 COMPRA
o .STAFF. Colección General
994 ## -
-- C0
-- PEPRU
999 ## - NÚMEROS DE CONTROL DE SISTEMA (KOHA)
-- DEWEY
-- 42585
-- 2021-11-10
-- 5
-- CCODEBUL1
-- BUL
-- 1
-- 0
-- Y
-- BOOK
-- 2015-6-16
-- TEOLOGIA
-- UNKNOWN
-- COMPRA
-- .STAFF. Colección General
999 ## - NÚMEROS DE CONTROL DE SISTEMA (KOHA)
-- DEWEY
-- 51460
-- 2021-11-10
-- 5
-- CCODEBUL1
-- BUL
-- 12.00
-- 1
-- 0
-- Y
-- BOOK
-- 2015-6-24
-- TEOLOGIA
-- P35
-- COMPRA
-- .STAFF. Colección General
980 ## - EQUIVALENCIA O REFERENCIA-CRUZADA-MENCIÓN DE SERIE--NOMBRE DE PERSONA/TÍTULO [LOCAL, CANADÁ]
ID del último usuario que modificó el registro 1
Nombre del último usuario que modificó el registro ALBERTO SANCHEZ Responsable de Automatización
Existencias
Visto por última vez Número de inventario Total de préstamos Signatura topográfica completa Código de barras Copia número Coste, precio de reemplazo Fecha de reemplazo Facultad Tipo de ítem Koha Nota pública Estado de pérdida Fuente del sistema de clasificación o colocación Restricciones de uso No para préstamo Colección Programa académico Biblioteca de origen Biblioteca actual Ubicación en estantería Fecha de adquisición Fuente de adquisición Coste, precio normal de compra
2025-12-02 6   264 D33 42585 e1 17.00 2015-06-16   Libros físicos inventario-2023-12-13 No Perdido Clasificación Decimal Dewey No restringido Disponible para préstamos Colección General Teología Biblioteca CRAI UPeU Lima Biblioteca CRAI UPeU Lima Sala principal 2015-06-16 COMPRA 12.00
2025-12-02 6   264.001 D33 51460 e1   2015-06-24   Libros físicos inventario-2023-12-13 No Perdido Clasificación Decimal Dewey No restringido Disponible para préstamos Colección General Teología Biblioteca CRAI UPeU Lima Biblioteca CRAI UPeU Lima Sala principal 2015-06-24 COMPRA